header

Degunking your PC (Record no. 54124)

MARC details
000 -LEADER
fixed length control field 01161nam a2200313Ia 4500
082 04 - DEWEY DECIMAL CLASSIFICATION NUMBER
Classification number 004.165
100 1# - MAIN ENTRY--AUTHOR NAME
Personal name Ballew, Joli.
245 10 - TITLE STATEMENT
Title Degunking your PC
260 ## - PUBLICATION, DISTRIBUTION, ETC. (IMPRINT)
Place of publication Scottsdale, Ariz. :
Name of publisher Paraglyph Press,
Year of publication c2005.
300 ## - PHYSICAL DESCRIPTION
Number of Pages xxix, 370 p. :
Other physical details ill.
500 ## - GENERAL NOTE
General note Includes index.
650 #0 - SUBJECT ADDED ENTRY--TOPICAL TERM
Topical Term Microcomputers
Topical Term Operating systems (Computers)
Topical Term Software maintenance.
700 1# - ADDED ENTRY--PERSONAL NAME
Personal name Duntemann, Jeff.
856 40 - ELECTRONIC LOCATION AND ACCESS
Uniform Resource Identifier http://site.ebrary.com/lib/rucke/Doc?id=10079999

No items available.

© 2026 Rongo University
Contact us: librarian | system librarian | Rongo university